| 000 | 01909nam a2200529 i 4500 | ||
|---|---|---|---|
| 001 | 32656 | ||
| 003 | KOSZ 005 | ||
| 005 | 20221020121542.0 | ||
| 008 | 980417s1997 pl a f f |000 0 pol | ||
| 015 | _aUWD 1998/4254 | ||
| 035 | _a991003543969705066 | ||
| 035 | _a(PL-WaBN)b10950114-48omnis_nlop | ||
| 035 | _ab10950114 | ||
| 035 | _a(OCoLC)830088375 | ||
| 035 | _a(PL)b0000001095011 | ||
| 035 | _a(EXLNZ-48OMNIS_NETWORK)9910034793205606 | ||
| 040 |
_aWA N _cWA N _dKOSZ 005/HR |
||
| 046 | _k1997 | ||
| 080 | _a62-1/-8 | ||
| 080 | _a378.22 | ||
| 080 | _a(075.8) | ||
| 100 | 1 |
_aŻółtowski, Bogdan _d(1947- ) _eAutor |
|
| 245 | 1 | 0 |
_aSeminarium dyplomowe : _bzasady pisania prac dyplomowych / _cBogdan Żółtowski. |
| 260 |
_aBydgoszcz : _bWydaw. Uczelniane AT-R, _c1997. |
||
| 300 |
_a147, [4] s. : _brys., wykr. ; _c24 cm. |
||
| 336 |
_aTekst _btxt _2rdacontent |
||
| 337 |
_aBez urządzenia pośredniczącego _bn _2rdamedia |
||
| 338 |
_aWolumin _bnc _2rdacarrier |
||
| 380 | _aKsiążki | ||
| 380 | _aPublikacje dydaktyczne | ||
| 385 |
_mPoziom nauczania _aSzkoły wyższe |
||
| 388 | _a1901-2000 | ||
| 388 | _a1989-2000 | ||
| 490 | 1 | _aSkrypty / Akademia Techniczno-Rolnicza im. Jana i Jędrzeja Śniadeckich w Bydgoszczy | |
| 504 | _aBibliogr. s. [149]. | ||
| 650 | 7 |
_aMechanika stosowana _2DBN |
|
| 650 | 7 | _aSeminaria dyplomowe | |
| 655 | 7 |
_aPodręczniki akademickie _2DBN |
|
| 655 | 7 | _aPraca dyplomowa | |
| 658 | _aInżynieria i technika | ||
| 658 | _aNauka i badania | ||
| 710 | 2 |
_aWydawnictwa Uczelniane Akademii Techniczno-Rolniczej (Bydgoszcz) _4pbl |
|
| 830 | 0 | _aSkrypty - Akademia Techniczno-Rolnicza im. Jana i Jędrzeja Śniadeckich w Bydgoszczy | |
| 856 |
_uhttp://koha.tu.koszalin.pl/cgi-bin/koha/opac-detail.pl?biblionumber=32656 _yKatalog online BPK |
||
| 942 |
_2UKD _cKS |
||
| 999 |
_c32656 _d32656 |
||